Manual de primeros auxilios
Збережено в:
| Автор: | |
|---|---|
| Формат: | Книга |
| Мова: | Іспанська |
| Опубліковано: |
Ciudad de Panamá
América
1989
|
| Предмети: | |
| Теги: |
Додати тег
Немає тегів, Будьте першим, хто поставить тег для цього запису!
|
MARC
| LEADER | 00000nam a2200000 a 4500 | ||
|---|---|---|---|
| 001 | UCW5088 | ||
| 003 | CL-VaPUC | ||
| 008 | 901129e19890000PN |||||||||||||||||spa|d | ||
| 082 | 0 | 4 | |a 616.0252 |b ALV |2 21 |
| 100 | 0 | |a Alvarez del Real, María Eloísa |e author |9 309928 | |
| 245 | 1 | 0 | |a Manual de primeros auxilios |
| 300 | |a 224 p | ||
| 942 | |c BK | ||
| 945 | |d 19901129 00:00:00 | ||
| 260 | |a Ciudad de Panamá |b América |c 1989 | ||
| 650 | 0 | |a Primeros auxilios |9 308210 | |
| 650 | 0 | |a Asistencia de emergencias |9 453426 | |
| 650 | 7 | |a HERIDAS TRATAMIENTOS |2 CL-VaPUC |9 309930 | |
| 650 | 7 | |a MEDICINA DE URGENCIAS |2 CL-VaPUC |9 309931 | |
| 583 | |a last modification |c 19901129 00:00:00 |k Rodrigo Vera | ||
| 999 | |c 218600 |d 218598 | ||
| 952 | |0 0 |1 0 |4 0 |6 616_025200000000000_ALV_1989 |7 0 |8 P |9 208388 |a BIBEDU |b BIBEDU |c BIBEDU_PB |d 2019-11-15 |i 2763133 |o 616.0252 ALV 1989 |p 2763133 |r 2019-11-15 |w 2019-11-15 |y BK |k EDU | ||